LEADER 03503nam 22005295 450 001 9910620196303321 005 20250505004153.0 010 $a9783031121043$b(electronic bk.) 010 $z9783031121036 024 7 $a10.1007/978-3-031-12104-3 035 $a(MiAaPQ)EBC7120752 035 $a(Au-PeEL)EBL7120752 035 $a(CKB)25188966600041 035 $a(PPN)265862558 035 $a(DE-He213)978-3-031-12104-3 035 $a(EXLCZ)9925188966600041 100 $a20221022d2022 u| 0 101 0 $aeng 135 $aurcnu|||||||| 181 $ctxt$2rdacontent 182 $cc$2rdamedia 183 $acr$2rdacarrier 200 10$aStochastic Comparisons with Applications $eIn Order Statistics and Spacings /$fby Subhash C. Kochar 205 $a1st ed. 2022. 210 1$aCham :$cSpringer International Publishing :$cImprint: Springer,$d2022. 215 $a1 online resource (280 pages) 311 08$aPrint version: Kochar, Subhash C. Stochastic Comparisons with Applications Cham : Springer International Publishing AG,c2022 9783031121036 320 $aIncludes bibliographical references and index. 327 $aIntroduction and Preliminaries -- Magnitude Orders -- Variability Orders -- Skewness and Relative Aging Orders -- Dependence Orders -- Stochastic comparisons of sample spacings -- Dependence among order statistics and spacings -- Stochastic Comparisons of Weighted Sums of Random Variables -- Stochastic comparisons of mixtures of distributions. 330 $aThis book emphasizes the use of stochastic orders as motivational tools for developing new statistical procedures. Stochastic orders have found useful applications in many disciplines, including reliability theory, survival analysis, risk theory, finance, nonparametric methods, economics and actuarial science. Written by a statistician, this volume clarifies the connection between stochastic orders and nonparametric methods. The importance of order statistics and spacings is well recognized. Classically, they mainly focus on the case when the observations are independent and identically distributed, however, several new developments have extended the comparison of order statistics to the case of non-identically distributed or non-independent observations. In addition to giving a detailed discussion of various topics in the general area of stochastic orders, a substantial part of the book is devoted to recent research on stochastic comparisons of order statistics and spacings, including a long chapter on dependence among them. The book will be useful for graduate students and researchers in statistics, economics, actuarial science and other related disciplines. In particular, with close to 300 references, it will be a valuable resource for reliability theorists, applied probabilists and statisticians. Readers are expected to have taken a first-year graduate level course in mathematical statistics or in applied probability. . 606 $aStatistics 606 $aProbabilities 606 $aStatistical Theory and Methods 606 $aApplied Probability 615 0$aStatistics. 615 0$aProbabilities. 615 14$aStatistical Theory and Methods. 615 24$aApplied Probability. 676 $a519.2 676 $a519.22 700 $aKochar$b Subhash C.$01263177 801 0$bMiAaPQ 801 1$bMiAaPQ 801 2$bMiAaPQ 912 $a9910620196303321 996 $aStochastic Comparisons with Applications$92960311 997 $aUNINA LEADER 02428oam 2200649 c 450 001 9910552994803321 005 20260302090207.0 010 $a9783847414889 010 $a3847414887 024 3 $a9783847414889 035 $a(CKB)4100000008780359 035 $a(MiAaPQ)EBC5838953 035 $a(Verlag Barbara Budrich)9783847414889 035 $a(ScCtBLL)4399f5cb-fcdb-4e95-a8d3-cd996190fc2f 035 $a(oapen)https://directory.doabooks.org/handle/20.500.12854/79368 035 $a(Perlego)3478230 035 $a(oapen)doab79368 035 $a(EXLCZ)994100000008780359 100 $a20260302d2019 uy 0 101 0 $aeng 135 $aurcnu|||||||| 181 $ctxt$2rdacontent 182 $cc$2rdamedia 183 $acr$2rdacarrier 200 00$aPolitical Science and Digitalization ? Global Perspectives /$fMarianne Kneuer, Helen V. Milner 205 $a1st ed. 210 $aLeverkusen$cVerlag Barbara Budrich$d2019 215 $a1 online resource (293 pages) 311 08$a9783847423324 311 08$a3847423320 330 $aDigitalization is not only a new research subject for political science, but a transformative force for the discipline in terms of teaching and learning as well as research methods and publishing. This volume provides the first account of the influence of digitalization on the discipline of political science including contributions from 20 different countries. It presents a regional stocktaking of the challenges and opportunities of digitalization in most world regions. 606 $adigitalization 606 $apolitical science 606 $adigital transformation 606 $adigitalisation 606 $adigital age 606 $adigital changes 606 $apolitical digitalisation 606 $apolitical digitalization 615 4$adigitalization 615 4$apolitical science 615 4$adigital transformation 615 4$adigitalisation 615 4$adigital age 615 4$adigital changes 615 4$apolitical digitalisation 615 4$apolitical digitalization 676 $a320.07 702 $aKneuer$b Marianne$cProf. Dr.$4edt 702 $aMilner$b Helen V$cProf.$4edt 801 0$bMiAaPQ 801 1$bMiAaPQ 801 2$bMiAaPQ 906 $aBOOK 912 $a9910552994803321 996 $aPolitical Science and Digitalization - Global Perspectives$94305749 997 $aUNINA